LEADER 02498nam 2200541Ia 450 001 9910458330303321 005 20200520144314.0 010 $a0-292-79290-5 035 $a(SSID)ssj0000412056 035 $a(PQKBManifestationID)11280581 035 $a(PQKBTitleCode)TC0000412056 035 $a(PQKBWorkID)10366687 035 $a(PQKB)10645192 035 $a(MiAaPQ)EBC3443483 035 $a(OCoLC)826516148 035 $a(MdBmJHUP)muse2442 035 $a(Au-PeEL)EBL3443483 035 $a(CaPaEBR)ebr10389876 035 $a(OCoLC)639016005 035 $a(EXLCZ)992560000000013173 100 $a20091116d2010 ub 0 101 0 $aeng 135 $aurcn||||||||| 181 $ctxt 182 $cc 183 $acr 200 10$aArchitecture of Minoan Crete$b[electronic resource] $econstructing identity in the Aegean Bronze Age /$fJohn C. McEnroe 205 $a1st ed. 210 $aAustin $cUniversity of Texas Press$dc2010 215 $a1 online resource (221 p.) 300 $aBibliographic Level Mode of Issuance: Monograph 311 $a0-292-72193-5 320 $aIncludes bibliographical references and index. 327 $aThe land, the people, identity -- Architecture and social identity in Neolithic Crete (ca. 7000-3000 BC) -- Local, regional, and ethnic identities in early prepalatial architecture (ca. 3000-2200 BC) -- Architectural experiments and hierarchical identity in late prepalatial architecture (ca. 2200-1900 BC) -- The first palaces and the construction of power (ca. 1900-1750 BC) -- The protopalatial city and urban identity (ca. 1900-1750 BC) -- The second palace at Knossos and the reconstruction of Minoan identity (ca. 1750-1490 BC) -- Comparing the neopalatial palaces (ca. 1750-1490 BC) -- Houses and towns in the neopalatial period (ca. 1750-1490 BC) -- Buildings, frescoes, and the language of power in the final palatial period (ca. 1490-1360 BC) -- After the palaces (ca. 1360-1200 BC) -- Survival and memory in LM IIIC (ca. 1200-1100 BC) -- Architecture and identity. 606 $aArchitecture and society$zGreece$zCrete 606 $aArchitecture, Minoan 608 $aElectronic books. 615 0$aArchitecture and society 615 0$aArchitecture, Minoan. 676 $a722/.61 700 $aMcEnroe$b John C$0477264 801 0$bMiAaPQ 801 1$bMiAaPQ 801 2$bMiAaPQ 906 $aBOOK 912 $a9910458330303321 996 $aArchitecture of Minoan Crete$9239492 997 $aUNINA LEADER 03034oam 22007215 450 001 9910964372103321 005 20240514040957.0 010 $a9786613292636 010 $a9781283292634 010 $a1283292637 010 $a9780821387863 010 $a0821387863 024 7 $a10.1596/978-0-8213-8785-6 035 $a(CKB)2550000000049523 035 $a(EBL)781366 035 $a(OCoLC)755417102 035 $a(SSID)ssj0000536937 035 $a(PQKBManifestationID)12177709 035 $a(PQKBTitleCode)TC0000536937 035 $a(PQKBWorkID)10550840 035 $a(PQKB)10280559 035 $a(MiAaPQ)EBC781366 035 $a(Au-PeEL)EBL781366 035 $a(CaPaEBR)ebr10506399 035 $a(CaONFJC)MIL329263 035 $a(OCoLC)757104400 035 $a(The World Bank)2011025640 035 $a(US-djbf)16832364 035 $a(Perlego)1483731 035 $a(EXLCZ)992550000000049523 100 $a20110617d2011 uy 0 101 0 $aeng 135 $aurcn||||||||| 181 $ctxt$2rdacontent 182 $cc$2rdamedia 183 $acr$2rdacarrier 200 00$aFrontiers in development policy /$fby Raj Nallari, Shahid Yusuf, Breda Griffith, and Rwitwika Bhattacharya 205 $a1st ed. 210 1$aWashington, D.C. :$cWorld Bank,$dc2011 215 $axiv, 297 pages $cillustrations ;$d24 cm 300 $aDescription based upon print version of record. 311 08$a9780821387856 311 08$a0821387855 320 $aIncludes bibliographical references and index. 327 $aDevelopment challenges in a post-crisis world -- Private enterprise and development -- Growth and development strategies and rethinking development -- Human development policies -- Managing risks. 330 $aThe global crisis of 2008-09 has brought to the forefront a plethora of economic and political policy issues. There is a re-opening of discussion on basic economic concepts, appropriate framework for analysis, role of private and public sectors in the economy, structural transformation of economies, human development and managing of growing risks and crises. The purpose of this book has been to bring home the inter-linkages in various parts of the economy and the need for practical policy making to reach development goals while being aware of the instabilities, complexities and downside risks 410 0$aWorld Bank e-Library. 606 $aGlobal Financial Crisis, 2008-2009 606 $aFree enterprise$zDeveloping countries 606 $aEconomic development$xEnvironmental aspects$zDeveloping countries 607 $aDeveloping countries$xEconomic policy 615 0$aGlobal Financial Crisis, 2008-2009. 615 0$aFree enterprise 615 0$aEconomic development$xEnvironmental aspects 676 $a338.9 701 $aNallari$b Raj$f1955-$0118814 801 0$bDLC 801 1$bDLC 801 2$bDLC 906 $aBOOK 912 $a9910964372103321 996 $aFrontiers in development policy$94367496 997 $aUNINA LEADER 04187oam 2200649I 450 001 9910963941003321 005 20251116205223.0 010 $a1-317-72112-8 010 $a0-7890-0305-8 010 $a1-315-78664-8 010 $a1-317-72113-6 024 7 $a10.4324/9781315786643 035 $a(CKB)2550000001313354 035 $a(EBL)1702403 035 $a(SSID)ssj0001224906 035 $a(PQKBManifestationID)12505584 035 $a(PQKBTitleCode)TC0001224906 035 $a(PQKBWorkID)11267770 035 $a(PQKB)10294097 035 $a(MiAaPQ)EBC1702403 035 $a(OCoLC)897457557 035 $a(EXLCZ)992550000001313354 100 $a20180706e20131996 uy 0 101 0 $aeng 135 $aur|n|---||||| 181 $ctxt 182 $cc 183 $acr 200 04$aThe methods and methodologies of qualitative family research /$fJane F. Gilgun, Marvin B. Sussman, editors 205 $a1st ed. 210 1$aNew York :$cRoutledge,$d2013. 215 $a1 online resource (451 p.) 300 $a". has also been published as Marriage & family review, Volume 24, Numbers 1/2 and 3/4, 1996." 300 $aFirst published 1996 by the Haworth Press. 311 08$a0-7890-0015-6 311 08$a1-306-85354-0 320 $aIncludes bibliographical references at the end of each chapters and index. 327 $aCover; Half Title; Title; Copyright; CONTENTS; Preface: A Look at the Mosaic of Qualitative Family Research; Introduction: Showcasing Qualitative Family Research; PART I: RESEARCH REPORTS; Letters in the Attic: Private Reflections of Women, Wives, and Mothers; Document Analysis: The Contrast Between Official Case Records and the Journal of a Woman on Welfare; Bahamian Family Life as Depicted by Wives' Tales and Other Old Sayings; Egalitarianism and Oppression in Marriage: The Effects of Research on Researchers; African-American Adolescent Women: Perceptions of Gender, Race, and Class 327 $aMama Still Sparkles: An Elder Role Model in Long-Term CareDiscovering Women's Work: A Study of Post-Retirement Aged Women; Using Pattern Matching and Modified Analytic Induction in Examining Justice Principles in Child Support Guidelines; PART II: LEARNING TO BE QUALITATIVE; Learning to Be Interpretive: Hermeneutics and Personal Texts; Learning to Teach Qualitative Research: Reflections of a Quantitative Researcher; Research and Practice: A Reflexive and Recursive Relationship-Three Narratives, Five Voices; PART III: ESSAYS ON METHODOLOGIES 327 $aAn Ethnographic Approach to Understanding Service Use Among Ethnically Diverse Low Income FamiliesThe Composite Biography as a Methodological Tool for the Study of Childhood in History; Family Worlds and Qualitative Family Research: Emergence and Prospects of Whole-Family Methodology; Narrative Accounts, Generative Fathering, and Family Life Education; Money, Marriage and the Computer; Reflexivity and Qualitative Family Research: Insider's Perspectives in Bereaving the Loss of a Child; Index 330 $aThe Methods and Methodologies of Qualitative Family Research can provide you with a strong conceptual framework for undertaking qualitative research. As it explores inquiry and theory on the cutting edge, it shows how qualitative methodologies can be applied to family life, education, and research. Designed to demonstrate how emerging and established methodologies can advance the understanding of families and direct social change, this book is a major step in assessing the development, progress, and contributions of qualitative inquiry. Packed with useful information and innovative a 606 $aFamilies$xResearch 606 $aFamilies$xResearch$xMethodology 615 0$aFamilies$xResearch. 615 0$aFamilies$xResearch$xMethodology. 676 $a306.85/07/2 676 $a306.85072 676 $a306.85072 701 $aGilgun$b Jane Frances$01877110 701 $aSussman$b Marvin B$0777532 801 0$bMiAaPQ 801 1$bMiAaPQ 801 2$bMiAaPQ 906 $aBOOK 912 $a9910963941003321 996 $aThe methods and methodologies of qualitative family research$94489160 997 $aUNINA